Organizational behavior.
| Main Author: | |
|---|---|
| Other Authors: | , , |
| Format: | Book |
| Published: |
Hoboken:
John Wiley & Sons,
2011.
|
| Subjects: |
| LEADER | 00530cam a2200193 7i4500 | ||
|---|---|---|---|
| 001 | 0000026687 | ||
| 005 | 20110801090000.0 | ||
| 020 | 0 | 0 | |a 9780470553114 |
| 090 | 0 | 0 | |a B 658.3 |b SCH |
| 100 | 1 | 0 | |a Schermerhorn |
| 245 | 1 | 0 | |a Organizational behavior. |
| 260 | 0 | 0 | |a Hoboken: |b John Wiley & Sons, |c 2011. |
| 300 | # | # | |a 131 p. |
| 650 | 0 | 0 | |a Management |
| 650 | 0 | 0 | |a Organizational behavior |
| 700 | 1 | 1 | |a Hunt, |h James G. |
| 700 | 1 | 1 | |a Osborn, |h Richard N. |
| 700 | 1 | 1 | |a Uhl-Bien, |h Mary |
| 999 | |a 0000028857 |b Book |c Book |e Business Information Centre | ||


